| 000 | 00749nam a2200205Ia 4500 | ||
|---|---|---|---|
| 001 | 15976 | ||
| 003 | GE_BSU | ||
| 008 | 181216s||||||||xx |||||||||||||| ||und|| | ||
| 040 | _cGE_BSU | ||
| 080 | _a821.353.1-1 | ||
| 100 | _aჯანგულაშვილი, თეიმურაზ | ||
| 245 | _aბალადა მიწის გამოცოცხლებისა | ||
| 245 | _cრედ.ი.ხოშტარია. მხატვ.დ.და ლ.ქუთათელაძეები | ||
| 260 | _aთბილისი | ||
| 260 | _bსახელგამი | ||
| 260 | _c1953 | ||
| 300 | _a94გვ. ; 24სმ | ||
| 653 | _aბალადა მიწის გამოცოცხლებისა | ||
| 942 | _cBK | ||
| 999 |
_c49070 _d49070 |
||